[Event "Zagreb op"]
[Site "?"]
[Date "1999.??.??"]
[Round "8"]
[White "Franic Milan"]
[Black "Lovric Branko"]
[Result "1/2-1/2"]
[WhiteElo "2435"]
[BlackElo "2316"]
[PlyCount "120"]
[EventDate "1999.??.??"]
[Source "www.chesslib.no"]
[SourceDate "2004.05.04"]

1. d4 b6 2. c4 e6 3. a3 Bb7 4. Nc3 f5 5. d5 Nf6 6. Nf3 Be7 7. g3 Ne4 8. Bd2 Bf6 9. Rc1 c6 10. dxe6 dxe6 11. Bg2 c5 12. O-O O-O 13. Qc2 Nxd2 14. Nxd2 Bxg2 15. Kxg2 Nc6 16. Nf3 Qe7 17. Rcd1 g5 18. h3 h5 19. Qc1 g4 20. Ng1 Bg5 21. Qb1 Rad8 22. Rxd8 Rxd8 23. Rd1 Ne5 24. b3 h4 25. Rxd8+ Qxd8 26. Qd1 Qa8+ 27. f3 Qc6 28. gxh4 Bxh4 29. hxg4 Nxg4 30. Qd2 Bf6 31. e4 Ne5 32. exf5 exf5 33. Nd5 Nf7 34. Nh3 Qd6 35. Qf4 Qe5 36. Qxe5 Bxe5 37. Ne7+ Kg7 38. Nxf5+ Kf6 39. Ne3 Bb2 40. Nc2 Bc1 41. Nf2 Nd6 42. Nd3 Bh6 43. f4 Ne4 44. Ne3 Nd2 45. Ng4+ Kg6 46. Nde5+ Kf5 47. Nxh6+ Kxf4 48. Nc6 Nxb3 49. Nf7 Ke3 50. Nfe5 Nd2 51. a4 Ne4 52. Nd7 Nd2 53. Nde5 Ne4 54. Nd7 Nd2 55. Nxc5 bxc5 56. Nxa7 Nxc4 57. Nc6 Ke4 58. Kf2 Kd5 59. Na7 Nd6 60. Ke2 Nc4 1/2-1/2

[Event "Los Polvorines op"]
[Site "Los Polvorines"]
[Date "1980.??.??"]
[Round "?"]
[White "Panno, Oscar"]
[Black "Sarkany, Petra"]
[Result "1-0"]
[WhiteElo "2540"]
[BlackElo "2200"]
[PlyCount "67"]
[EventDate "1980.??.??"]
[Source "ChessBase"]

1. d4 b6 2. e4 e6 3. Nf3 Bb7 4. Bd3 c5 5. c3 c4 6. Bc2 Qc7 7. O-O Ne7 8. Re1 Ng6 9. h4 h5 10. Bg5 Nc6 11. Nbd2 b5 12. b3 Na5 13. bxc4 Nxc4 14. Nxc4 bxc4 15. Rb1 f6 16. Be3 Kf7 17. d5 e5 18. Ba4 Bd6 19. Bb5 Rhc8 20. Nd2 Nxh4 21. Qxh5+ Ng6 22. Qg4 Nf8 23. Nxc4 a6 24. Bxd7 Qxc4 25. Rxb7 Rc7 26. Rxc7 Qxc7 27. Be6+ Nxe6 28. Qxe6+ Kf8 29. Rb1 Re8 30. Qg4 a5 31. Rb6 Rd8 32. Rc6 Qb8 33. Bb6 Bc7 34. Rxc7 1-0

[Event "Pula op"]
[Site "Pula"]
[Date "2002.05.15"]
[Round "5"]
[White "Kuljasevic, Davorin"]
[Black "Filipovic, Branko"]
[Result "1/2-1/2"]
[WhiteElo "2297"]
[BlackElo "2442"]
[PlyCount "126"]
[EventDate "2002.05.12"]
[Source "ChessBase"]
[SourceDate "2002.07.08"]

1. d4 b6 2. Nf3 e6 3. g3 Bb7 4. Bg2 f5 5. O-O Nf6 6. c4 g6 7. Nc3 Bg7 8. d5 Na6 9. e4 Nxe4 10. Nxe4 fxe4 11. Ng5 exd5 12. cxd5 Nc5 13. Nxe4 Nxe4 14. Bxe4 O-O 15. Qc2 Qf6 16. Be3 Ba6 17. Bd3 Bxd3 18. Qxd3 Qxb2 19. Rac1 Qxa2 20. Rxc7 Rf7 21. Qb5 Qa5 22. Qxa5 bxa5 23. Rc5 a4 24. Ra5 Bc3 25. Rxa4 a5 26. Rc1 Bb4 27. Rc7 d6 28. Rc4 Rb8 29. Rd4 Rb5 30. g4 Re7 31. Bd2 Bc5 32. Rf4 Bb6 33. Rf6 Rf7 34. Raf4 Rxf6 35. Rxf6 Bc5 36. Bh6 Rb8 37. Rf4 Ra8 38. Ra4 Bb4 39. Kg2 Re8 40. Bf4 Kf7 41. Kf3 Re7 42. Ra2 Ra7 43. Be3 Ra8 44. Ra4 Ke7 45. Ke4 Kd7 46. f4 Kc7 47. Bd4 Re8+ 48. Kf3 Rf8 49. Ke4 Kb7 50. f5 Ka6 51. f6 Kb5 52. Ra1 a4 53. Rf1 Rf7 54. Kd3 a3 55. g5 Ka4 56. Kc2 Ba5 57. Rf4 a2 58. Kb2 a1=Q+ 59. Kxa1 Kb3 60. Kb1 Bd2 61. Rf3+ Kc4 62. Be3 Bc3 63. Kc2 Be5 1/2-1/2

[Event "Oberliga Bayern 9495"]
[Site "Bayern"]
[Date "1994.??.??"]
[Round "1"]
[White "Kostic, Vladimir"]
[Black "Wockenfuss, Klaus"]
[Result "1-0"]
[WhiteElo "2405"]
[BlackElo "2330"]
[PlyCount "69"]
[EventDate "1994.10.??"]
[Source "www.chesslib.no"]
[SourceDate "2004.05.04"]

1. d4 b6 2. c4 e6 3. Nf3 Bb7 4. g3 Bxf3 5. exf3 d5 6. Bg2 Bb4+ 7. Kf1 Be7 8. Nc3 Nf6 9. Bf4 O-O 10. cxd5 Nxd5 11. Nxd5 exd5 12. Rc1 Bd6 13. Be3 Re8 14. Qb3 c6 15. h4 a5 16. a3 Ra7 17. Bh3 Rae7 18. Kg2 Qc7 19. Rhe1 g6 20. h5 f5 21. hxg6 hxg6 22. Qd3 Qd7 23. Bd2 Rxe1 24. Bxe1 Kg7 25. Bd2 Qe7 26. Re1 Qf7 27. Rh1 Rh8 28. Bg5 Qd7 29. g4 fxg4 30. Bxg4 Qf7 31. Rxh8 Kxh8 32. Qe3 Kg7 33. Be6 Qe8 34. f4 Nd7 35. Qh3 1-0

[Event "gp XII/3"]
[Site "Buenos Aires ARG"]
[Date "1992.??.??"]
[Round "6"]
[White "Amura, Claudia N"]
[Black "Roca, Alfredo"]
[Result "1-0"]
[WhiteElo "2385"]
[BlackElo "2345"]
[PlyCount "49"]
[EventDate "1992.??.??"]
[Source "www.chesslib.no"]
[SourceDate "2004.05.04"]

1. d4 b6 2. c4 Bb7 3. Nc3 e6 4. e4 Bb4 5. Qc2 Qh4 6. d5 Bxc3+ 7. bxc3 Qe7 8. Be2 Na6 9. Nf3 e5 10. a4 Nc5 11. a5 Nf6 12. Nd2 d6 13. Ba3 O-O 14. O-O Bc8 15. Rae1 Bd7 16. f4 Ba4 17. Qb1 exf4 18. Rxf4 Qe5 19. g3 Qxc3 20. Bb4 Qe5 21. Kg2 Rae8 22. Qc1 Nfxe4 23. Nxe4 Nxe4 24. Bd1 Bxd1 25. Rfxe4 1-0

[Event "Wichern Open"]
[Site "Hamburg GER"]
[Date "1993.??.??"]
[Round "3"]
[White "Tatenhorst, Volker"]
[Black "Teske, Henrik"]
[Result "1/2-1/2"]
[WhiteElo "2250"]
[BlackElo "2475"]
[PlyCount "59"]
[EventDate "1993.10.??"]
[Source "www.chesslib.no"]
[SourceDate "2004.05.04"]

1. d4 b6 2. Nf3 Bb7 3. Bf4 Nf6 4. h3 d6 5. e3 Nbd7 6. Bd3 g6 7. Nbd2 Bg7 8. O-O O-O 9. Bh2 Re8 10. Bc4 e5 11. dxe5 dxe5 12. Qe2 Nh5 13. e4 Nc5 14. Qe3 Qe7 15. Rfd1 Nf4 16. Bxf4 exf4 17. Qxf4 Bxb2 18. Rab1 Qf6 19. Qxc7 Rac8 20. Qxf7+ Qxf7 21. Bxf7+ Kxf7 22. Rxb2 Bxe4 23. Ng5+ Kg8 24. Ndxe4 Nxe4 25. Nxe4 Rxe4 26. Rd7 Ra4 27. c3 Rf8 28. Re2 Rf7 29. Rd3 Ra3 30. f3 1/2-1/2

[Event "NOR-chT 9899"]
[Site "?"]
[Date "1998.??.??"]
[Round "1"]
[White "Djurhuus Rune"]
[Black "Lie Kjetil A"]
[Result "1-0"]
[WhiteElo "2510"]
[BlackElo "2210"]
[PlyCount "103"]
[EventDate "1998.??.??"]
[Source "www.chesslib.no"]
[SourceDate "2004.05.04"]

1. d4 b6 2. e4 e6 3. Nf3 Bb7 4. Bd3 d6 5. c4 Nd7 6. Nc3 g6 7. Bg5 Ne7 8. Qd2 h6 9. Be3 Bg7 10. d5 e5 11. g4 h5 12. g5 O-O 13. O-O-O Rc8 14. Kb1 c6 15. dxc6 Rxc6 16. Bc2 Nc5 17. Bxc5 bxc5 18. Nb5 Qb8 19. Rhe1 Ba6 20. Ba4 Rb6 21. Re3 Bxb5 22. cxb5 a6 23. bxa6 Rxa6 24. Bb3 Qb7 25. Bd5 Nxd5 26. Qxd5 Qxd5 27. Rxd5 f6 28. Red3 fxg5 29. Nxg5 Rxf2 30. Rxd6 Rxd6 31. Rxd6 Rxh2 32. a4 Rf2 33. a5 Rf8 34. Rxg6 Ra8 35. a6 Kf8 36. Kc2 Ke7 37. Re6+ Kd7 38. Kc3 h4 39. Rg6 Ke7 40. Rb6 Bf8 41. Kc4 Kd7 42. Kd5 Kc7 43. Rb7+ Kc8 44. Rh7 Rxa6 45. Ne6 Bd6 46. Rxh4 Rb6 47. Rh7 c4 48. Rg7 Bb8 49. Nc5 Rd6+ 50. Kxc4 Rb6 51. Rg8+ Kc7 52. Rxb8 1-0

[Event "Homenaje a la Bandera, Rosario ARG"]
[Site "?"]
[Date "2001.??.??"]
[Round "7"]
[White "Palmisano, J."]
[Black "Garcia Palermo, C."]
[Result "0-1"]
[WhiteElo "2245"]
[BlackElo "2470"]
[PlyCount "61"]
[EventDate "2001.??.??"]
[Source "www.chesslib.no"]
[SourceDate "2004.05.04"]

1. d4 b6 2. c4 e6 3. Nf3 Bb7 4. Nc3 Bb4 5. Qc2 f5 6. a3 Bxc3+ 7. Qxc3 Nf6 8. g3 O-O 9. Bg2 d6 10. O-O Qe7 11. b4 a5 12. Bb2 Nbd7 13. Rfe1 Ra7 14. Bh3 Ne4 15. Qc2 Ndf6 16. Nd2 Qe8 17. f3 Qh5 18. Bg2 Ng5 19. h4 Nf7 20. e4 fxe4 21. Nxe4 Nxe4 22. fxe4 Qg6 23. Qc3 Nh6 24. Rad1 axb4 25. axb4 Ng4 26. Rd2 Raa8 27. c5 bxc5 28. bxc5 Nf6 29. c6 Ba6 30. e5 dxe5 31. dxe5 0-1

[Event "Wellington"]
[Site "Wellington"]
[Date "1978.??.??"]
[Round "?"]
[White "Cardoso, Radolfo Tan"]
[Black "Chandler, Murray G"]
[Result "1-0"]
[WhiteElo "2320"]
[BlackElo "2390"]
[PlyCount "71"]
[EventDate "1978.04.??"]
[Source "www.chesslib.no"]
[SourceDate "2004.05.04"]

1. d4 b6 2. c4 Bb7 3. Nc3 e6 4. e4 Bb4 5. Bd3 f5 6. Qh5+ g6 7. Qe2 Nf6 8. f3 fxe4 9. fxe4 Bxc3+ 10. bxc3 Nxe4 11. Nf3 Nd6 12. O-O O-O 13. Bh6 Bxf3 14. Rxf3 Rxf3 15. Qxf3 Nc6 16. Rf1 Qe7 17. Qg3 Nf5 18. Bxf5 exf5 19. Rxf5 Na5 20. Re5 Qf7 21. Qe1 Nc6 22. Re4 d6 23. h4 Qd7 24. Qe3 Qf7 25. Rf4 Qe8 26. Rf8+ Qxf8 27. Bxf8 Rxf8 28. Qe6+ Kh8 29. Qd7 Nd8 30. Qxc7 Nf7 31. Qxa7 Kg7 32. Qxb6 Ra8 33. c5 dxc5 34. dxc5 Rxa2 35. c6 Ne5 36. Qd4 1-0

[Event "Monde (championnat veteran)"]
[Site "?"]
[Date "2004.10.30"]
[Round "7"]
[White "Lieb Harald"]
[Black "Karasev Vladimir I"]
[Result "0-1"]
[WhiteElo "2286"]
[BlackElo "2421"]
[PlyCount "64"]
[EventDate "2004.??.??"]
[Source "www.chesslib.no"]
[SourceDate "2004.05.04"]

1. d4 b6 2. c4 Bb7 3. Nc3 e6 4. e4 Bb4 5. Nge2 Bxe4 6. a3 Bxc3+ 7. Nxc3 Bg6 8. Be2 Ne7 9. Bf3 Nbc6 10. Bf4 d6 11. Qa4 Qd7 12. O-O Rd8 13. Qd1 Nf5 14. Nb5 O-O 15. d5 Na5 16. Nxa7 e5 17. Bc1 Nd4 18. Be3 Bc2 19. Qe1 Nxf3+ 20. gxf3 Bd3 21. Qc3 Bxf1 22. Kxf1 Qa4 23. b4 Nxc4 24. Nc6 Nxe3+ 25. fxe3 Rde8 26. Kg1 f5 27. f4 Qb5 28. fxe5 Qxd5 29. exd6 cxd6 30. Re1 Rf6 31. Kf2 Rg6 32. Rg1 Qa2+ 0-1

[Event "Open (Masters)"]
[Site "?"]
[Date "1999.02.20"]
[Round "6"]
[White "Gormally Daniel"]
[Black "Gillen Stephen"]
[Result "1-0"]
[WhiteElo "2456"]
[BlackElo "2248"]
[PlyCount "116"]
[EventDate "1999.??.??"]
[Source "www.chesslib.no"]
[SourceDate "2004.05.04"]

1. d4 b6 2. e4 e6 3. Bd3 Bb7 4. Nf3 d6 5. c4 Nd7 6. Nc3 c5 7. d5 e5 8. O-O h6 9. Ne1 g5 10. Nc2 Ne7 11. Ne3 Nf6 12. Qa4+ Qd7 13. Nb5 Kd8 14. Qb3 Ba6 15. a4 Bxb5 16. cxb5 Ng4 17. Nc4 f5 18. f3 Nf6 19. a5 Rb8 20. axb6 axb6 21. Ra6 Nc8 22. Bd2 Ke7 23. Bc3 Qc7 24. exf5 Bg7 25. Be4 Re8 26. Rd1 Nd7 27. f6+ Bxf6 28. Bf5 Kf7 29. Qc2 Kg7 30. Bg6 Rd8 31. Rda1 Rb7 32. Ra8 Kh8 33. Be4 Kg7 34. Ne3 Ne7 35. Qa4 Nf8 36. Ra7 Nd7 37. Rxb7 Qxb7 38. Qa7 Rb8 39. Qxb7 Rxb7 40. Nc4 Nc8 41. Ra8 Rb8 42. Rxb8 Nxb8 43. Bf5 Ne7 44. Be6 e4 45. fxe4 Bxc3 46. bxc3 Kf6 47. Nxd6 Ke5 48. Nc4+ Kxe4 49. d6 Nd5 50. d7 Nxd7 51. Bxd7 Kd3 52. Nb2+ Kxc3 53. Bc6 Nc7 54. Na4+ Kb4 55. Nxb6 Nxb5 56. Nd5+ Kc4 57. Ne3+ Kd3 58. Bxb5+ Kxe3 1-0

[Event "Corr"]
[Site "?"]
[Date "1997.??.??"]
[Round "?"]
[White "Mueller Michael"]
[Black "Braun Joerg"]
[Result "1/2-1/2"]
[WhiteElo "2305"]
[BlackElo "2395"]
[PlyCount "77"]
[EventDate "1997.??.??"]
[Source "www.chesslib.no"]
[SourceDate "2004.05.04"]

1. d4 b6 2. Nf3 Bb7 3. g3 c5 4. dxc5 bxc5 5. Bg2 Nf6 6. c4 g6 7. O-O Bg7 8. Nc3 Nc6 9. Bg5 d6 10. Qd2 O-O 11. Rad1 Qc8 12. b3 Qf5 13. Nh4 Qd7 14. Bxf6 Bxf6 15. Ne4 Qe6 16. Nxf6+ Qxf6 17. Qh6 Rab8 18. Nf3 Ne5 19. Ng5 Qg7 20. Qxg7+ Kxg7 21. Bxb7 Rxb7 22. f4 Ng4 23. Rd3 Nf6 24. Re1 h6 25. Nh3 a5 26. e4 Ra8 27. e5 Ng4 28. exd6 exd6 29. Nf2 Nxf2 30. Kxf2 a4 31. g4 axb3 32. axb3 Rb4 33. h4 Ra3 34. Ree3 Ra2+ 35. Kf3 Rb6 36. Ke4 Rh2 37. Rh3 Re2+ 38. Rhe3 Rf2 39. Rf3 1/2-1/2

[Event "St Petersburg op"]
[Site "?"]
[Date "2001.??.??"]
[Round "2"]
[White "Novikov Mikhail V"]
[Black "Turikov Viktor"]
[Result "1/2-1/2"]
[WhiteElo "2382"]
[BlackElo "2318"]
[PlyCount "27"]
[EventDate "2001.??.??"]
[Source "www.chesslib.no"]
[SourceDate "2004.05.04"]

1. d4 b6 2. Bg5 Bb7 3. e3 g6 4. Nf3 Bg7 5. Bd3 Nf6 6. Nbd2 O-O 7. O-O d6 8. Re1 c5 9. c3 Qc7 10. e4 h6 11. Bh4 Nh5 12. Rc1 Nc6 13. d5 Ne5 14. Nxe5 1/2-1/2

[Event "HUN-chT 9899"]
[Site "?"]
[Date "1999.??.??"]
[Round "?"]
[White "Vincze Istvan"]
[Black "Czebe Attila"]
[Result "1-0"]
[WhiteElo "2240"]
[BlackElo "2455"]
[PlyCount "37"]
[EventDate "1999.??.??"]
[Source "www.chesslib.no"]
[SourceDate "2004.05.04"]

1. d4 b6 2. e4 Bb7 3. d5 e6 4. c4 Bb4+ 5. Bd2 Qe7 6. Bxb4 Qxb4+ 7. Qd2 Na6 8. Nc3 c6 9. d6 Nf6 10. a3 Qa5 11. Nf3 b5 12. b4 Nxb4 13. e5 Ng4 14. Be2 bxc4 15. O-O Nd3 16. Rab1 Ba6 17. Nb5 c3 18. Qg5 Bxb5 19. Qe7# 1-0

[Event "Lone Pine"]
[Site "Lone Pine"]
[Date "1977.??.??"]
[Round "8"]
[White "Frey, Kenneth"]
[Black "Verduga, Denis Homero"]
[Result "1/2-1/2"]
[WhiteElo "2390"]
[BlackElo "2300"]
[PlyCount "72"]
[EventDate "1977.03.??"]
[Source "ChessBase"]

1. d4 b6 2. e4 e6 3. c4 Bb7 4. Nc3 Bb4 5. Qc2 Ne7 6. Bd3 d5 7. cxd5 exd5 8. Qa4+ Nec6 9. Nf3 dxe4 10. Bxe4 O-O 11. O-O Bxc3 12. bxc3 Na5 13. Re1 Bxe4 14. Rxe4 Nd7 15. Bg5 Nf6 16. Bxf6 Qxf6 17. Rae1 Qd6 18. Qc2 c5 19. Rh4 f5 20. Re5 cxd4 21. Rxd4 Qa3 22. Rf4 g6 23. Ra4 Qd6 24. Rd4 Qc7 25. Qd3 Rad8 26. h4 Rxd4 27. cxd4 Qc4 28. Qe3 Nc6 29. Re6 Qd5 30. h5 f4 31. Qb3 Qxb3 32. axb3 Nd8 33. Re7 Rf7 34. Re8+ Rf8 35. Re7 Rf7 36. Re8+ Rf8 1/2-1/2

[Event "Gongyos Matra op 25th"]
[Site "?"]
[Date "2002.07.26"]
[Round "4.1"]
[White "Portisch Ferenc"]
[Black "Krivolapov Konstantin"]
[Result "1/2-1/2"]
[WhiteElo "2313"]
[BlackElo "2371"]
[PlyCount "87"]
[EventDate "2002.??.??"]
[Source "www.chesslib.no"]
[SourceDate "2004.05.04"]

1. d4 b6 2. Nf3 Bb7 3. Nbd2 f5 4. g3 Nf6 5. Bg2 g6 6. O-O Bg7 7. b4 Ne4 8. Bb2 Nxd2 9. Qxd2 O-O 10. c4 e6 11. d5 Bxb2 12. Qxb2 exd5 13. Nd4 Qf6 14. cxd5 Na6 15. e3 Qd6 16. Nb5 Qxb4 17. Qxb4 Nxb4 18. Nxc7 Rac8 19. Rfc1 Nd3 20. Rc3 Nc5 21. Nb5 Ba6 22. Nd6 Ra8 23. a4 Rf6 24. Nb5 Bxb5 25. axb5 a5 26. bxa6 Rxa6 27. Rxa6 Nxa6 28. Ra3 Nc5 29. f3 Rf8 30. e4 fxe4 31. fxe4 Re8 32. Ra7 Kf7 33. Kf2 Nxe4+ 34. Bxe4 Rxe4 35. Rxd7+ Re7 36. Rd6 Rb7 37. Ke3 b5 38. Kd3 b4 39. Kc2 b3+ 40. Kb2 h5 41. Rc6 Rd7 42. Rc5 Rb7 43. Rc6 Rd7 44. Rc5 1/2-1/2

[Event "Open"]
[Site "Zagabria CRO"]
[Date "2007.03.25"]
[Round "9"]
[White "Zaja, I."]
[Black "Matic, Z."]
[Result "1-0"]
[WhiteElo "2458"]
[BlackElo "2224"]
[PlyCount "78"]
[EventDate "2007.03.17"]
[Source "www.chesslib.no"]
[SourceDate "2004.05.04"]

1. d4 b6 2. c4 Bb7 3. Nc3 e6 4. a3 g6 5. e4 Bg7 6. Nf3 Ne7 7. h4 h6 8. d5 exd5 9. exd5 d6 10. Qc2 Nd7 11. Be2 Nc5 12. b4 Ne4 13. Bb2 Nf6 14. Ne4 Nf5 15. Nxf6+ Bxf6 16. g4 Ng7 17. Nd4 Bxh4 18. Ne6 Nxe6 19. Bxh8 Qg5 20. Rxh4 Qxh4 21. dxe6 O-O-O 22. Bd4 fxe6 23. Qxg6 e5 24. Be3 Qh1+ 25. Bf1 Bg2 26. Qd3 Be4 27. Qc3 d5 28. cxd5 Rxd5 29. Rc1 Rd7 30. Qxe5 Bd3 31. Kd2 Bxf1+ 32. Kc3 Qg2 33. Qe8+ Rd8 34. Qe6+ Kb8 35. Kb2 Bd3 36. Qe7 Rc8 37. Qd7 Bg6 38. Qd4 Qf3 39. Bxh6 a6 1-0

[Event "BIH-ch team"]
[Site "?"]
[Date "1999.08.28"]
[Round "8"]
[White "Glavas Dragan"]
[Black "Filipovic Branko"]
[Result "1/2-1/2"]
[WhiteElo "2261"]
[BlackElo "2420"]
[PlyCount "139"]
[EventDate "1999.??.??"]
[Source "www.chesslib.no"]
[SourceDate "2004.05.04"]

1. d4 b6 2. c4 Bb7 3. Nc3 e6 4. e3 Bb4 5. Nge2 f5 6. a3 Bxc3+ 7. Nxc3 Nf6 8. d5 O-O 9. g3 b5 10. Qb3 Na6 11. Qxb5 Rb8 12. Qa4 Ne4 13. Nxe4 fxe4 14. b4 Rxf2 15. Kxf2 Qf6+ 16. Ke1 Qxa1 17. Qc2 c5 18. dxc6 Bxc6 19. Qb2 Qxb2 20. Bxb2 Nc7 21. Be5 Rc8 22. Be2 Na8 23. c5 Nc7 24. Bxc7 Rxc7 25. Kd2 Kf7 26. Kc3 Ke7 27. Rd1 Bb7 28. Rd6 a5 29. Bb5 Kd8 30. Kd4 axb4 31. axb4 Bd5 32. Ba6 Ra7 33. b5 Ke7 34. Ke5 Ra8 35. Rb6 Rf8 36. Bb7 Rf5+ 37. Kd4 h5 38. Bxd5 Rxd5+ 39. Kc4 Rd3 40. Rb7 Kd8 41. b6 Kc8 42. Rc7+ Kb8 43. h4 g6 44. Kb4 Rd1 45. Kb5 Rb1+ 46. Kc4 Rd1 47. c6 dxc6 48. Rxc6 Rc1+ 49. Kb5 Rb1+ 50. Kc5 Rc1+ 51. Kd6 Rg1 52. Rc4 Rxg3 53. Rxe4 Kb7 54. Kc5 g5 55. Rxe6 gxh4 56. Re7+ Kb8 57. e4 h3 58. Re5 h2 59. Rxh5 Rg5+ 60. Rxg5 h1=Q 61. Rg8+ Kb7 62. Rg7+ Kc8 63. b7+ Kb8 64. Re7 Qc1+ 65. Kd6 Qa3+ 66. Ke6 Qh3+ 67. Kf7 Qh7+ 68. Kf8 Qh6+ 69. Kf7 Qf4+ 70. Kg7 1/2-1/2

[Event "Ghent op 25th"]
[Site "Ghent"]
[Date "2002.07.22"]
[Round "6"]
[White "Heyken, Enno"]
[Black "Filipek, Jakub"]
[Result "1/2-1/2"]
[WhiteElo "2307"]
[BlackElo "2373"]
[PlyCount "74"]
[EventDate "2002.07.20"]
[Source "ChessBase"]
[SourceDate "2002.09.11"]

1. d4 b6 2. e4 Bb7 3. Nd2 e6 4. Ngf3 c5 5. c3 cxd4 6. cxd4 Nf6 7. Bd3 Qc8 8. O-O Ba6 9. Bxa6 Qxa6 10. d5 Bc5 11. Nb3 Nxe4 12. Nxc5 bxc5 13. Re1 f5 14. Ng5 Nxg5 15. Bxg5 O-O 16. Be7 Rc8 17. Qf3 Qb7 18. Rad1 Na6 19. Qg3 Qxb2 20. dxe6 dxe6 21. Rxe6 Qc2 22. Rde1 Nc7 23. R6e5 Ne8 24. Qg5 Qxa2 25. Bxc5 Qf7 26. h4 Nf6 27. Qxf5 a5 28. Re7 Qg6 29. Qe6+ Kh8 30. Bd4 Rf8 31. Re3 Rad8 32. Bxf6 Qxf6 33. Qxf6 Rxf6 34. Rg3 Rg6 35. Rd3 Rf8 36. Ra7 Rg4 37. g3 Ra4 1/2-1/2

[Event "FIN Ch"]
[Site "Helsinki FIN"]
[Date "1994.??.??"]
[Round "?"]
[White "Hakulinen, Esko-Matti"]
[Black "Pyhala, Antti"]
[Result "1/2-1/2"]
[WhiteElo "2330"]
[BlackElo "2350"]
[PlyCount "81"]
[EventDate "1994.??.??"]
[Source "www.chesslib.no"]
[SourceDate "2004.05.04"]

1. d4 b6 2. Bg5 h6 3. Bh4 Bb7 4. Nd2 g5 5. Bg3 Bg7 6. e3 e6 7. h4 d6 8. hxg5 Qxg5 9. Ngf3 Qe7 10. e4 Nd7 11. Bd3 O-O-O 12. Qe2 e5 13. d5 f5 14. Nh4 f4 15. Nf5 Qf8 16. Bh4 Bf6 17. Ba6 Ne7 18. Nxe7+ Qxe7 19. Bxf6 Nxf6 20. a4 Rdg8 21. f3 Qg7 22. Bxb7+ Kxb7 23. Rg1 Qg3+ 24. Qf2 h5 25. Nf1 Qxf2+ 26. Kxf2 h4 27. Rh1 c6 28. dxc6+ Kxc6 29. Nd2 a6 30. c3 Rd8 31. Nc4 b5 32. axb5+ axb5 33. Ra6+ Kc7 34. Na3 Rb8 35. Nc2 Ra8 36. Rxa8 Rxa8 37. Nb4 Rh8 38. Ra1 h3 39. Ra7+ Kb6 40. Ra6+ Kc7 41. Ra7+ 1/2-1/2